书目信息 |
| 题名: |
厉以宁九十年文选
|
|
| 作者: | 厉以宁 著 | |
| 分册: | ||
| 出版信息: | 北京 北京大学出版社 1998.05 |
|
| 页数: | 341页 | |
| 开本: | 32开 | |
| 丛书名: | ||
| 单 册: | ||
| 中图分类: | F279.21-53 | |
| 科图分类: | ||
| 主题词: | 企业经济 | |
| 电子资源: | ||
| ISBN: | 7-301-03789-9 | |
| 000 | 00555nam0 2200193 45 | |
| 001 | 0010281746 | |
| 005 | 20010411101021.7 | |
| 010 | @a7-301-03789-9@d18.00元 | |
| 100 | @a20001028d1998 km y0chiy0120 ea | |
| 101 | 0 | @achi |
| 105 | @a z 000yy | |
| 200 | 1 | @a厉以宁九十年文选@ALi Yi Ning Jiu Shi Nian Wen Xuan@f厉以宁著@FLi Yi Ning Zhu |
| 210 | @a北京@c北京大学出版社@d1998.05 | |
| 215 | @a341页@d32开 | |
| 606 | 0 | @a企业经济 |
| 690 | @aF279.21-53@v3 | |
| 701 | 0 | @a厉以宁@4著 |
| 801 | @aCN@bPftUser@c20001028 | |
| 905 | @dF279.21-53@eL595@b337093-094@f2 | |
| 厉以宁九十年文选/厉以宁著.-北京:北京大学出版社,1998.05 |
| 341页;32开 |
| ISBN 7-301-03789-9:18.00元 |
| ● |
| 相关链接 |
|
|
|
正题名:厉以宁九十年文选
索取号:F279.21-53/L595
 
预约/预借
| 序号 | 登录号 | 条形码 | 馆藏地/架位号 | 状态 | 备注 |
| 1 | 195334 | 201953341 | 社科二线422/409社科库 97排4列3层/ [索取号:F279.21-53/L595] | 在馆 | |
| 2 | 337093 | 203370930 | 社科库409/ [索取号:F279.21-53/L595] | 在馆 | |
| 3 | 337094 | 203370949 | 社科二线422/409社科库 97排4列3层/ [索取号:F279.21-53/L595] | 在馆 |